| 000 | 00765nam a2200169 a 4500 | ||
|---|---|---|---|
| 001 | 000034418 | ||
| 005 | 20200930073705.0 | ||
| 008 | 111004s1981 sp 000 0 spa d | ||
| 020 | _a8400049640 | ||
| 040 |
_aDO-SdBNP _bspa _cBNPHU |
||
| 082 | _axxx | ||
| 245 | 0 | 0 |
_aFascistas en España : _bLa intervención italiana en la Guerra Civil a través de los telegramas de la Missione Militare Italiana in Spagna (15 de diciembre 1936-31 marzo 1937) / _cedición y estudio documental a cargo de Ismael Saz y Javier Tusell. |
| 260 |
_aMadrid : _bConsejo Superior de Investigaciones Científicas : _bEscuela Española de Historia y Arqueología en Roma, _c1981. |
||
| 300 |
_a229 p. ; _c25 cm. |
||
| 700 | 1 |
_aSaz, Ismael, _eed. _959845 |
|
| 700 | 1 |
_aTusell, Javier, _eed. _959846 |
|
| 999 |
_c33909 _d33909 |
||